00571pab a2200181 454500008004000000100001400040245006500054260000900119300001300128362001000141650003800151650002800189773003400217908000600251909001000257999001700267952010500284180718b2007 xxu||||| |||| 00| 0 eng d aAmruth M. aSilences and the impossibility of confabulation after Godhra c2007 ap.23-25. a8 Dec aGujarat - Politics and government aPolitics and government aEconomic and Political Weekly aN a76635 c76635d76635 00104070aIIPAbIIPAd2018-07-19hVolume no: 42, Issue no: 49pAR77095r2018-07-19w2018-07-19yAR